Statistics for Which Michael Jackson song?

Click here to take the quiz!

General Stats

  • This quiz has been taken 19 times
  • The average score is 7 of 12

Answer Stats

QuestionAnswer% Correct
For forty days and for forty nights, the law was on her sideBillie Jean
87%
You feel the cold hand, and wonder if you'll ever see the sunThriller
87%
Susie's got your number, and Susie says it's rightBlood On The Dance Floor
67%
So you call it trust, but I say it's just in the devil's game of greed and lustMoney
67%
Hold my hand, feel the touch of your body cling to mineBreak Of Dawn
60%
I was wandering in the rain, mask of life feeling insaneStranger In Moscow
60%
I am the damned, I am the dead, I am the agony inside the dying headWho Is It
60%
Scratch my shoulder, it's achin', make it feel alrightWorkin' Day And Night
60%
We're sending out a major love, and this is our message to youAnother Part Of Me
53%
And the whole world has to answer right now just to tell you once againBad
53%
You always knew just how to make me cry, and never did I ask you questions whyGive In To Me
33%
Don't let no one get you down, keep moving on higher groundHistory
20%

Score Distribution

Percentile by Number Answered

Percent of People with Each Score

Your Score History

You have not taken this quiz